000 00340nam a22001457a 4500
003 SGT
020 _a978-81-19613-91-5
082 _a615.10
_bSRI
100 _aSRIVASTAVA, NEHA
245 _aTEXTBOOK OF INDUSTRIAL PHARMACY -I
260 _aINDIA
_bIP PUB.
_c2025
300 _a150
650 _aINDUSTRIAL PHARMACY -I
942 _2ddc
_cBK
999 _c34182
_d34182